CONVOCATI INGHILTERRA MONDIALI 2026 - Statistics

Statistiche generali
  • Questo quiz è stato fatto 10 volte
  • Il punteggio medio è 12 su 26
Statistiche sulle risposte
RUOLO GIOCATORE SQUADRA % Corretto
ATT SAKA ARSENAL
100%
DIF STONES MAN CITY
100%
ATT KANE BAYERN MONACO
88%
POR PICKFORD EVERTON
88%
ATT RASHFORD BARCELLONA
88%
CEN RICE ARSENAL
88%
CEN BELLINGHAM REAL MADRID
75%
ATT GORDON BARCELLONA
63%
ATT EZE ARSENAL
50%
ATT TONEY AL AHLI
50%
ATT WATKINS ASTON VILLA
50%
POR HENDERSON CRYSTAL PALACE
38%
DIF JAMES CHELSEA
38%
CEN MAINOO MAN UTD
38%
POR TRAFFORD MAN CITY
38%
DIF KONSA ASTON VILLA
25%
ATT MADUEKE ARSENAL
25%
DIF O'REILLY MAN CITY
25%
CEN ANDERSON NOTTINGHAM FOREST
13%
DIF BURN NEWCASTLE
13%
DIF GUEHI MAN CITY
13%
DIF LIVRAMENTO NEWCASTLE
13%
DIF QUANSAH BAYER LEVERKUSEN
13%
ATT ROGERS ASTON VILLA
13%
DIF SPENCE TOTTENHAM
13%
CEN HANDERSON BRENTFORD
0%
Nessun quiz corrispondente trovato
Distribuzione punteggi
Percentuale di utenti per punteggio
Percentile per numero di risposta
I tuoi punteggi nel tempo
Non hai fatto questo quiz